Statistics for Spanish Versions of the Doctor Seuss Books

Click here to take the quiz!

General Stats

  • This quiz has been taken 19 times
    (18 since last reset)
  • The average score is 7 of 12

Answer Stats

HintAnswer% Correct
El Lóraxthe Lorax
94%
¡Cómo el Grinch Robó la Navidad!How the Grinch Stole Christmas!
88%
¡Horton Escucha a Quién!Horton Hears a Who!
82%
Huevos Verdes con JamónGreen Eggs and Ham
76%
Un Pez, Dos Peces, Pez Rojo, Pez AzulOne Fish, Two Fish, Red Fish, Blue Fish
71%
Los 500 Sombreros de Bartolomé CubbinsThe 500 Hats of Bartholomew Cubbins
65%
Yoruga la TortugaYurtle the Turtle
53%
¡Oh, Cuán Lejos Llegarás!Oh, the Places You'll Go!
41%
El Gato con Sombrero Viene de NuevoThe Cat in the Hat comes Back
35%
¡Yo Puedo Leer con los Ojos Cerrados!I Can Read with my Eyes Shut!
29%
¡Hay un Molillo en mi Bolsillo!There's a Wocket in my Pocket!
24%
Y Pensar que lo Vi por la Calle PorvenirAnd to Think that I Saw it on Mulberry Street
18%

Score Distribution

Percentile by Number Answered

Percent of People with Each Score

Your Score History

You have not taken this quiz since the last reset